01329nam a2200301 i 4500003000900000005001700009007000300026008004100029020001500070040003000085082001400115245023600129264011200365300002900477336002700506337003400533338002800567500005500595504003100650590002700681600007100708700002600779700005000805910001400855942001400869952012700883999001701010DO-SdBNP20240913115543.0ta240913s1991 sp 000 0 spa d a8473325999 aDO-SdBNPbspacBNPHUerda bG724R22200aJuan Goytisolo : bla Semana de Autor sobre Juan Goytisolo tuvo lugar en el Centro Cultural del Instituto de Cooperación Iberoamericana de Buenos Aires del 2 al 5 de octubre de 1989 / cedición coordinada por Manuel Ruiz Lagos. 1aMadrid, España : bInstituto de Cooperación Iberoamericana, bEdiciones de Cultura Hispánica, c1991. a147 páginas, c25 cm. 2rdacontentatextobtxt 2rdamediaasin mediación bn 2rdacarrieravolumenbnc aIncluye datos biografícos de los participantes.  aBibliografía p: 123-141. aInventariado, 2024/ YL aGoytisolo, Juan vCongresos.xCrítica e interpretación 9865721 aGoytisolo, Juan935441 aRuiz Lagos, Manuel, d1939-eedición986573 aYLockward 2ddccLBS1 00102ddc56708GRaBNPHUbBNPHUcCTd2012-09-03eDonación l0oBNPHU GR G724Rp2024-5348r2024-09-13w2024-09-13yLBS1 c57683d57683